00860nam a2200241 i 4500001000700000003000900007005001700016007000300033008004100036080002300077100003800100245009200138260002900230300003000259490002600289500002900315600003800344700002800382830003400410852003300444999001900477952012200496105945ES-MaACL20240126063005.0t|060913s1953 fr ||||1| fre d a929 Proust, Marcel1 aProust, Marcel,d1871-192299405610aMarcel Proust par lui-même b: images et textes présentés / cpar Claude Mauriac. aParis : bSeuil, c1953. a189 p. : bil. ; c18 cm.1 aEcrivains de toujours aBiblioteca Juan Andrade.14aProust, Marcel,d1871-19229940561 aMauriac, Claude.9792500 aEcrivains de toujours9185128 aES-MaACLjAND-876 bR.110164 c105945d105945 00104070aATENEOMbATENEOMcDEPO2d2008-01-17eSCl0oAND-876p1110607r2023-02-23 00:00:00w2023-02-23yMONOGRAFIA